000 00619nam a2200205 i 4500
001 59853
003 ES-MaACL
005 20230906164118.0
007 t|
008 031031s1983 sp ||||1| spa d
020 _a84-7317-120-9
100 1 _aEnguidanos, Miguel.
_947244
245 1 0 _aFín de siglo
_b: estudios literarios sobre el periodo 1870-1930 en España /
_cMiguel Enguidanos.
260 _aMadrid :
_bJosé Porrúa Turanzas,
_c[1983]
300 _aVIII, 207 p. :
_bil. ;
_c22 cm.
490 1 _aEnsayos
830 0 _aEnsayos
_9176633
852 _aES-MaACL
_jL-10284
_bR.110898
999 _c59853
_d59853